La educación de los padres / (Record no. 83599)

MARC details
000 -LEADER
campo de control de longitud fija 00544nam a2200169 i 4500
001 - NÚMERO DE CONTROL
campo de control 83599
003 - IDENTIFICADOR DE NÚMERO DE CONTROL
campo de control ES-MaACL
005 - FECHA Y HORA DE LA ÚLTIMA TRANSACCIÓN
campo de control 20230906174848.0
007 - CAMPO FIJO DE DESCRIPCIÓN FÍSICA--INFORMACIÓN GENERAL
campo de control de longitud fija t|
008 - DATOS DE LONGITUD FIJA--INFORMACIÓN GENERAL
campo de control de longitud fija 041117s1962 sp ||||1| spa d
100 1# - ENTRADA PRINCIPAL--NOMBRE DE PERSONA
Nombre de persona Isambert, André.
9 (RLIN) 65531
245 13 - MENCIÓN DEL TÍTULO
Título La educación de los padres /
Mención de responsabilidad, etc. André Isambert ; traducción directa del original por María Bages de Brachfeld.
260 ## - PUBLICACIÓN, DISTRIBUCIÓN, ETC.
Lugar de publicación, distribución, etc. Barcelona :
Nombre del editor, distribuidor, etc. Luis Miracle,
Fecha de publicación, distribución, etc. [1962]
300 ## - DESCRIPCIÓN FÍSICA
Extensión 233 p. ;
Dimensiones 19 cm.
700 1# - ENTRADA AGREGADA--NOMBRE PERSONAL
Nombre de persona Bages de Brachfeld, María.
9 (RLIN) 24633
852 ## - LOCALIZACIÓN
Ubicación ES-MaACL
Número de control de estantería C-23534
Sublocalización o colección R.52241
Holdings
Estatus retirado Estado de pérdida Estado de daño No para préstamo Biblioteca de origen Biblioteca actual Ubicación en estantería Fecha de adquisición Fuente de adquisición Total de préstamos Signatura topográfica completa Código de barras Visto por última vez Precio de reemplazo Tipo de ítem Koha
        Biblioteca del Ateneo de Madrid Biblioteca del Ateneo de Madrid Depósito 2 17/01/2008     C-23534 1087373 23/02/2023 23/02/2023 Libro impreso